000 00365nam a22001457a 4500
999 _c193580
_d193580
008 221102b ||||| |||| 00| 0 eng d
082 _a610-SRI
100 _aSRIBM
245 _aON MEDITATION
_hENGLISH
260 _aNEW DELHI
_bA.I.C.B
_cROHINI
270 _aA.I.C.B ,ROHINI NEW DELHI
300 _a.
_b.
_c12X13
490 _v1-2
942 _2ddc
_cBRLEN
_k610
_mSRI